| 000 | 02202cai a22003135a 4500 | ||
|---|---|---|---|
| 001 | WS159748 | ||
| 008 | 150515u2016 xxk g 000 0 eng d | ||
| 035 | _a(Sirsi) u159748 | ||
| 041 | 0 | _aeng | |
| 110 | 2 |
_aStrutt & Parker _92509 |
|
| 245 | 0 | 0 |
_aHousing Futures _h[electronic resource] |
| 505 | 2 | _a2014 - A Changing Market -- 2015 - Key Housing Trends -- 2016 - The Village Revival -- 2016 - Urban Renters -- 2017 - Platinum Generation | |
| 520 | _aFocuses on what people want and every year it survey individuals about how they live today and how they intend to live in the future. The reports, vlogs and blogs provide analysis and insight into the mainstream housing market, the London rental market and the private sector retirement market. | ||
| 590 | _aKA | ||
| 650 | 2 | 4 | _aHOUSING |
| 650 | 2 | 4 | _aVILLAGES |
| 650 | 2 | 4 | _aPROPERTY-RESIDENTIAL PROPERTY-RESIDENTIAL PROPERTY MARKET |
| 650 | 2 | 4 | _aRENTAL MARKET |
| 650 | 2 | 4 | _aRETIREMENT |
| 651 | 4 | _aUnited Kingdom | |
| 690 |
_aResidential property _96266 |
||
| 856 | 4 | 0 |
_uhttps://www.struttandparker.com/knowledge-and-research/housing-futures _zView the Housing Futures at www.struttandparker.com |
| 856 | 4 | 0 |
_uhttps://www.struttandparker.com/application/files/9414/6038/2815/residential-futures_web_final.pdf _zView the How the market is changing - volume I free of charge at www.struttandparker.com |
| 856 | 4 | 0 |
_uhttps://www.struttandparker.com/knowledge-and-research/housing-futures/2015-key-housing-trends _zView Key housing trends - volume II free of charge at www.struttandparker.com |
| 856 | 4 | 0 |
_uhttps://www.struttandparker.com/application/files/6214/6591/4400/Housing_Futures_2016_v2.pdf _zView the The village revival - volume III free of charge at www.struttandparker.com |
| 856 | 4 | 0 |
_uhttps://19e21141e53b5c034df6-fe3f5161196526a8a7b5af72d4961ee5.r45.cf3.rackcdn.com/5414/7946/1508/Urban_Renters.pdf _zView the Urban renters - volume IV free of charge at www.struttandparker.com |
| 856 | 4 | 0 |
_uhttps://19e21141e53b5c034df6-fe3f5161196526a8a7b5af72d4961ee5.r45.cf3.rackcdn.com/1714/9639/2889/Platinum_Generation_Final.pdf _zView the Platinum generation - volume V free of charge at www.struttandparker.com |
| 942 |
_n0 _2ddc |
||
| 999 |
_c121051 _d121051 |
||